000 04944cam a22012614i 4500
003 PE-LiUPU
005 20250813185354.0
008 170621s2014 maua rb 001 0 eng d
020 _a9004259201
020 _a9789004259201
035 _a(Sirsi) a204444
040 _aPE-LiUPU
_bspa
_cPE-LiUPU
_erda
049 _aPRUA
082 0 4 _a305.697094609
_bT4
_223
245 0 4 _aThe expulsion of the Moriscos from Spain :
_ba Mediterranean diaspora /
_cedited by Mercedes García-Arenal, Gerard Wiegers.
264 1 _aLeiden ;
_aBoston :
_bBrill,
_c2014.
300 _a492 páginas :
_bilustraciones ;
_c25 centimetros.
336 _atext
_2rdacontent
337 _aunmediated
_2rdamedia
338 _avolume
_2rdacarrier
490 0 _aThe Medieval and Early Modern Iberian World ;
_vv. 56
504 _aBibliografía : páginas 441-478.
504 _aÍndices: páginas 479-492.
505 0 _aList of figures and tables -- List of abbrevations -- List of frequently used terms -- List of contributors -- Introduction / Mercedes Garcia-Arenal and Gerard Wiegers -- Part 1. The expulsion : preparations, debates, and process -- The geography of the Morisco expulsion : a quantitative study / Bernard Vincent -- The expulsion of the Moriscos in the context of Philip III's Mediterranean policy / Miguel Angel de Bunes Ibarra -- Rhetorics of the expulsion / Antonio Feros -- The religious debate in Spain / Rafael Benitez Sanchez Blanco -- The Vatican's position towards the expulsion / Stefania Pastore -- The religious orders and the expulsion of the Moriscos : doctrinal controversies and Hispano-Papal relations / Paolo Broggio -- The unexecuted plans for the eradication of Jewish heresy in the Hispanic monarchy and the example of the Moriscos : the thwarted expulsion of the Judeoconversos / Juan Ignacio Pulido -- The Moriscos who stayed behind or returned post-1609 / James B. Tueller -- Part 2. The Morisco diaspora -- The Moriscos outside Spain : routes and financing / Luis F. Bernabe Pons and Jorge Gil Herrera -- The Moriscos in France after the expulsion : notes for the history of a minority / Youssef El Alaoui -- Moriscos in Ottoman Galata, 1609-1620s / Tijana Krstic -- The Moriscos in Morocco : from Granadan emigration to the Hornacheros of Sale / Mercedes Garcia-Arenal -- Andalusi immigration and urban development in Algiers (sixteenth and seventeenth centuries) / Sakina Missoum -- The Moriscos in Tunisia / Glatz Villanueva Zubizarreta -- The expulsion of 1609-1614 and the polemical writings of the Moriscos living in the diaspora / Gerard Wiegers -- Converted Jews and Moriscos in the diaspora / Natalia Muchnik -- Index of places -- Index of names.
526 _aP202
526 _aP201
526 _aP163
526 _aP162
526 _aP161
526 _aP160
526 _aP148
526 _aP147
526 _aP146
526 _aP145
526 _aP144
526 _aP143
526 _aP142
526 _aP141
526 _aP140
526 _aP139
526 _aP138
526 _aP137
526 _aP136
526 _aP135
526 _aP134
526 _aP133
526 _aP129
526 _aP128
526 _aP127
526 _aP120
526 _aP119
526 _aP118
526 _aP116
526 _aP115
526 _aP114
526 _aP110
526 _aP109
526 _aP108
526 _aP104
526 _aP103
526 _aP102
526 _aP99
526 _aP98
526 _aP97
526 _aP96
526 _aP95
526 _aP93
526 _aP90
526 _aP89
526 _aP88
526 _aP83
526 _aP82
526 _aP62
526 _aP59
526 _aP58
526 _aP57
526 _aP51
526 _aP49
526 _aP48
526 _aP47
526 _aP29
526 _aP24
526 _aP20
526 _aP19
526 _aP17
526 _aP15
526 _aP14
526 _aP12
526 _aP10
526 _aP09
526 _aP08
526 _aP07
526 _aP06
526 _aP05
526 _aP04
526 _aP01
650 0 _aDeportación
_zSpain
_xHistoria.
650 0 _aMoriscos
_xMigraciones
_xHistoria.
700 1 _aGarcía-Arenal, Mercedes
_eeditor.
700 1 _aWiegers, Gerard Albert,
_d1959-
_eeditor.
910 _ajck
_bjvq
_cjpc
_d20170621
942 _2ddc
_cBOOK
949 _a305.697094609 T4
_wDEWEY
_c1
_i76247
_lCATALOGING
_mBUL
_p235.00
_r0
_sY
_tBOOK
_u2017-06-21
_xTEOLOGÍA
_zTEOLOGÍA
_0COMPRA
_o.CIRCNOTE. El documento es de alto precio.
_o.STAFF. Colección Teología
994 _aC0
_bPEPRU
596 _a1
999 _a305.697094609 T4
_wDEWEY
_c20795
_i76247
_f2021-11-4
_g4
_lCCODEBUL1
_mBUL
_r0
_sY
_tBOOK
_u2017-6-21
_xBIBLIOTECA
_PP35
_0COMPRA
_o.STAFF. Colección Teología
_d20795
980 _81
_gALBERTO SANCHEZ Responsable de Automatización